Los Simpson : segunda temporada completa = The Simpsons : Season 2 /
Serie televisual animada, ideada por el caricaturista norteamericano Matt Groening y desarrollada después por éste con la colaboración de James L. Brooks y Sam Simon, que presenta un retrato mordaz y afectuoso a la vez de la familia y específicamente, de la familia norteamericana de clase media. La...
Gorde:
| Egile nagusia: | |
|---|---|
| Beste egile batzuk: | , , , , , , , , , , , , , , , , , , , , , |
| Formatua: | |
| Hizkuntza: | ingelesa |
| Argitaratua: |
EUA :
Twentieth Century Fox,
1991, c1991
México : Twentieth Century Fox [distribución], 2003, c2003 |
| Saila: | (Los Simpson. Temporada 2 ;
213, 214, 215, 216, 217, 218) (The Simpsons. Season 2 ; 213, 214, 215, 216, 217, 218) |
| Gaiak: | |
| Etiketak: |
Etiketarik gabe, Izan zaitez lehena erregistro honi etiketa jartzen!
|
MARC
| LEADER | 00000ngm^a2200000^a^4500 | ||
|---|---|---|---|
| 001 | 000183635 | ||
| 005 | 20250521000000.0 | ||
| 009 | 20260310102048.056 | ||
| 037 | |a Acervo ITESO - Biblioteca | ||
| 041 | |a ING | ||
| 082 | |a 302. 2342230973 |b GRO S. 2 V. 213-218 | ||
| 100 | |a Groening, Matt |e (idea original) | ||
| 240 | 1 | 5 | |a [Los Simpson] |
| 240 | 1 | 5 | |a [The Simpsons] |
| 240 | 1 | 5 | |a [Los Simpson: segunda temporada completa] |
| 240 | 1 | 5 | |a [The Simpsons: Season 2] |
| 245 | 1 | 4 | |a Los Simpson : |b segunda temporada completa = The Simpsons : Season 2 / |c Idea original de M. Groening ; prod. ejecutiva de J.L. Brooks, M. Groening, S. Simon ; realización de R. Moore... [et al.]. |
| 246 | 2 | |a Título en la pantalla: Los Simpson: no robarás | |
| 246 | 2 | |a Título en la pantalla: Los Simpson: el último tren | |
| 246 | 2 | |a Título en la pantalla: Los Simpson: dónde estás hermano mío | |
| 246 | 2 | |a Título en la pantalla: Los Simpson: el perro de Bart reprueba | |
| 246 | 2 | |a Título en la pantalla: Los Simpson: nuestros años felices | |
| 246 | 2 | |a Título en la pantalla: Los Simpson: pinceles con alma | |
| 264 | 4 | |a EUA : |b Twentieth Century Fox, |c 1991, c1991 | |
| 264 | 4 | |a México : |b Twentieth Century Fox [distribución], |c 2003, c2003 | |
| 300 | |a 1 DVD región 4 |c (23, 23, 23, 23, 23, 23 min.) | ||
| 336 | |a imagen móvil bidimensional |b tdi |2 rdacontenido | ||
| 337 | |a video |b v |2 rdamedio | ||
| 338 | |a videodisco |b vd |2 rdasoporte | ||
| 440 | 5 | |a (Los Simpson. |p Temporada 2 ; |v 213, 214, 215, 216, 217, 218) | |
| 440 | 5 | |a (The Simpsons. |p Season 2 ; |v 213, 214, 215, 216, 217, 218) | |
| 520 | |a Serie televisual animada, ideada por el caricaturista norteamericano Matt Groening y desarrollada después por éste con la colaboración de James L. Brooks y Sam Simon, que presenta un retrato mordaz y afectuoso a la vez de la familia y específicamente, de la familia norteamericana de clase media. La serie narra las desventuras y situaciones absurdas de los Simpson, una familia nuclear semidisfucional, típica y heterodoxa al mismo tiempo, que radica en la pequeña localidad de Springfield: el amoroso padre Homero, un hombre de nula capacidad intelectual que trabaja en una planta nuclear, y su pareja Marge, una especie de supermadre en ocasiones autoritaria, pero siempre responsable; el sagaz y cínico Bart, estudiante de cuarto grado que no está interesado en desarrollar su potencial y se enorgullece de ello, y Lisa, su brillante hermana de ocho años de edad que asume su vida con total seriedad; finalmente, Maggie, una bebé que seguido es olvidada y atestigua en silencio su disparatado entorno. Familiares, vecinos, amigos, íconos de la cultura popular norteamericana y la permanente presencia o referencia a los medios de comunicación, que son parodiados continuamente, toman parte en las hilarantes tramas. Un éxito de audiencia y de crítica, tanto en Estados Unidos como en otras naciones, la serie inició sus transmisiones en 1989 y ha recibido durante quince años consecutivas numerosas candidaturas y galardones en las entregas de los premios Emmy, de la Academia Norteamericana de Artes y Ciencias Televisuales. | ||
| 520 | |a La presente colección de 4 DVD reúne las 22 emisiones de la segunda temporada, cada una de 23 minutos de duración, correspondiente al bienio 1990-1991 y que abarcan los capítulos comprendidos del número 201 al 222. El tercer tomo de la colección contiene los episodios 213-218: Homero contra Lisa y el octavo mandamiento (también conocido como No robarás; transmitido el 7 de febrero de 1991), El director encantador (también conocido como El último tren, 14 de febrero de 1991), ¿Dónde estás hermano? (21 de febrero de 1991), El perro de Bart obtiene una "F" (también conocido como El perro de Bart reprueba, 7 de marzo de 1991), Dinero viejo (también conocido como Nuestros años felices, 28 de marzo de 1991) y Brochazos de grandeza (también conocido como Pinceles con alma, 11 de abril de 1991). | ||
| 546 | |a En inglés, con subtítulos opcionales: español, inglés, portugués | ||
| 546 | |a Doblaje opcional: español, portugués | ||
| 649 | |a XX | ||
| 650 | |a Dibujos Animados | ||
| 650 | |a Parodias | ||
| 650 | |a Sátira | ||
| 650 | |a Programas Cómicos | ||
| 650 | |a Televisión - |z EUA - |y 1990-1999 | ||
| 650 | |a Televisión - |z EUA - |y Siglo XX | ||
| 650 | |a Medios Audiovisuales - |z EUA | ||
| 650 | |a Medios de Comunicación - |z EUA | ||
| 650 | |a Comunicación Visual - |z EUA | ||
| 650 | |a Comunicación Masiva - |z EUA | ||
| 650 | |a Relaciones Familiares - |z EUA | ||
| 650 | |a Familia Nuclear - |z EUA - |x Condiciones Sociales y Culturales | ||
| 650 | |a Familia - |z EUA - |x Condiciones Sociales y Culturales | ||
| 650 | |a Clase Media - |z EUA - |x Condiciones Sociales y Culturales | ||
| 650 | |a Recepción y Apropiación de la Comunicación - |z EUA | ||
| 650 | |a Cultura de Masas - |z EUA - |x Historia - |y 1990-1999 | ||
| 650 | |a Cultura de Masas - |z EUA - |x Historia - |y Siglo XX | ||
| 650 | |a Cultura Popular - |z EUA - |x Historia - |y 1990-1999 | ||
| 650 | |a Cultura Popular - |z EUA - |x Historia - |y Siglo XX | ||
| 650 | |a Sociedad Postindustrial - |z EUA | ||
| 650 | |a EUA - |x Condiciones Sociales y Culturales | ||
| 650 | |a Modernidad y Posmodernidad | ||
| 650 | |a Sociología de la Comunicación | ||
| 650 | |a Sociología de la Cultura | ||
| 740 | 4 | |a Los Simpson : |b Homero contra Lisa y el octavo mandamiento = The Simpsons : Homer versus Lisa and the Eigth Commandment / |c Idea original de M. Groening ; prod. ejecutiva de J.L. Brooks, M. Groening, S. Simon ; realización de R. Moore. | |
| 740 | 4 | |a Los Simpson : |b el director encantador = The Simpsons : Principal Charming / |c Idea original de M. Groening ; prod. ejecutiva de J.L. Brooks, M. Groening, S. Simon ; realización de M. Kirkland. | |
| 740 | 4 | |a Los Simpson : |b ¿dónde estás hermano? = The Simpsons : Oh Brother, Where Art Thou? / |c Idea original de M. Groening ; prod. ejecutiva de J.L. Brooks, M. Groening, S. Simon ; realización de W. Archer. | |
| 740 | 4 | |a Los Simpson : |b el perro de Bart obtiene una “F” = The Simpsons : Bart’s Dog Get an F / |c Idea original de M. Groening ; prod. ejecutiva de J.L. Brooks, M. Groening, S. Simon ; realización de J. Reardon. | |
| 740 | 4 | |a Los Simpson : |b dinero viejo = The Simpsons : Old Money / |c Idea original de M. Groening ; prod. ejecutiva de J.L. Brooks, M. Groening, S. Simon ; realización de D. Silverman. | |
| 740 | 4 | |a Los Simpson : |b brochazos de grandeza = The Simpsons : Brush with Greatness / |c Idea original de M. Groening ; prod. ejecutiva de J.L. Brooks, M. Groening, S. Simon ; realización de J. Reardon. | |
| 700 | |a Brooks, James L. |e (producción ejecutiva) | ||
| 700 | |a Groening, Matt |e (producción ejecutiva) | ||
| 700 | |a Simon, Sam |e (producción ejecutiva) | ||
| 700 | |a Moore, Rich |e (realización) | ||
| 700 | |a Pepoon, Steve |e (guión) | ||
| 700 | |a Roberts, Brian K. |e (montaje) | ||
| 700 | |a Barrozo, Don |e (montaje) | ||
| 700 | |a Elfman, Danny |e (música) | ||
| 700 | |a Clausen, Alf |e (música) | ||
| 700 | |a Castellaneta, Dan |e (voz) | ||
| 700 | |a Kavner, Julie |e (voz) | ||
| 700 | |a Cartwright, Nancy |e (voz) | ||
| 700 | |a Kirkland, Mark |e (realización) | ||
| 700 | |a Stern, David |e (guión) | ||
| 700 | |a Archer, Wesley |e (realización) | ||
| 700 | |a Martin, Jeff |e (guión) | ||
| 700 | |a Reardon, Jim |e (realización) | ||
| 700 | |a Vitti, Jon |e (guión) | ||
| 700 | |a Silverman, David |e (realización) | ||
| 700 | |a Kogen, Jay |e (guión) | ||
| 700 | |a Wolodarsky, Wallace |e (guión) | ||
| 700 | |a Roberts, Brian K. |e (guión) | ||
| 910 | |a Fondo General | ||
| 920 | |a Audiovisuales - DVDs | ||
| 905 | |a 302 | ||
| 901 | |a 0500088652 |b IT2 |c DVS |u 20250521 | ||
| 902 | |a https://opac.biblio.iteso.mx/vufind/Record/000183635 | ||